Osobitosti riadenie medzinárodne činného podniku diplomová práca
Salvato in:
| Autore principale: | |
|---|---|
| Ente Autore: | |
| Altri autori: | |
| Natura: | Libro |
| Lingua: | slovacco |
| Pubblicazione: |
Bratislava
2014
|
| Tags: |
Nessun Tag, puoi essere il primo ad aggiungerne!!
|
MARC
| LEADER | 00000nbm a2200000 4500 | ||
|---|---|---|---|
| 001 | 0187881 | ||
| 005 | 20170201091611.7 | ||
| 041 | 0 | |a slo | |
| 044 | |a SK | ||
| 245 | 1 | 0 | |a Osobitosti riadenie medzinárodne činného podniku |b diplomová práca |c Lenka Páleníková ; školiteľ: Katarína Procházková |
| 264 | 1 | |a Bratislava |c 2014 | |
| 300 | |a 80 s. | ||
| 100 | 1 | |a Páleníková, Lenka | |
| 700 | 1 | |a Procházková, Katarína, 1983- | |
| 710 | 2 | |a Fakulta podnikového manažmentu EU. Katedra manažmentu | |